| 000 | 00000nam##2200000za#4500 |
| 001 | 9.676746 |
| 003 | CaOODSP |
| 005 | 20210624230030 |
| 007 | cr ||||||||||| |
| 008 | 150407|1989||||xxc|||||o f|0| 0 fre|d |
| 020 | |a978-0-660-67490-2 |
| 040 | |aCaOODSP|bfre |
| 041 | |aeng |
| 041 | |afre |
| 043 | |an-cn--- |
| 086 | 1 |aM86-24/1987-PDF |
| 110 | 1 |aCanada.|bRessources naturelles Canada. |bComité permanent canadien des noms géographiques. |
| 245 | 10|aLes noms géographiques et les Nations Unies, 1987 |h[ressource électronique] |
| 260 | |aOttawa - Ontario : |bRessources naturelles Canada. |c1987. |
| 300 | |a149p.|bgraphiques, tableaux, photographies |
| 500 | |a«Numérisé par Éditions et Services de dépôt, Travaux publics et Services gouvernementaux Canada - 2014» |
| 520 | 3 |aCommunications présentées par le Canada et résolutions adoptées à la cinquième conférence des Nations Unies sur la normalisation des noms géographiques Montréal, 1987. |
| 590 | |a14-18-Supp|b2014-10-15 |
| 776 | 0#|tGeographical names and the United Nations, 1987 |w(CaOODSP)9.652895 |
| 791 | |tGeographical names and the United Nations, 1987 |eeng|w(CaOODSP)9.676745 |
| 856 | 40|ahttp://publications.gc.ca|qPDF|s15.12 Mo|uhttps://publications.gc.ca/collections/collection_2014/rncan-nrcan/M86-24-1987.pdf |